000 01223nam a2200301 i 4500
001 000048290
003 DO-SdBNP
005 20250910084206.0
007 ta
008 181213s2010 dr a r 000 0 spa d
020 _a9789945470000
040 _aDO-SdBNP
_bspa
_cBNPHU
_erda
041 _aspa
082 4 _a324.6097293
_bR426m
_222
110 1 _aRepública Dominicana.
_bJunta Central Electoral.
_bEscuela Nacional de Formación Electoral y del Estado Civil
_975712
245 1 0 _aMemorias de la Escuela Nacional de Formación Electoral y del Estado Civil (EFEC) 2009-2010 /
_ceditora Nurys Paulino.
264 _aSanto Domingo :
_bJunta Central Electoral,
_c2010.
300 _a448 páginas :
_bilustraciones ;
_c22 cm.
336 _ardacontent
_btexto
_2txt
337 _ardamedia
_bsin mediación
_2n
338 _ardacarrier
_bvolumen
_2nc
590 _aInventariado, 2019 / DG
610 _aRepública Dominicana
_bJunta Central Electoral
_bEscuela Nacional de Formación Electoral y de Estado de Guerra
_y2009-2010
_979269
651 4 _aRepública Dominicana
_xPolítica y gobierno
_y2009-2010
_979270
700 1 _aPaulino, Nurys,
_eeditor
_922136
910 _aValidado. Control de calidad MFF
942 _2ddc
_cLBS1
999 _c47778
_d47778